[Event "Russian Blitz Championship (m)"]
[Site "Sochi"]
[Date "2022.10.14"]
[Round "10.20"]
[White "Shomoev, Anton"]
[Black "Kavyev, Ruslan"]
[Result "1/2-1/2"]
[BlackElo "2245"]
[WhiteElo "2499"]
[LiveChessVersion "1.4.8"]

1. e4 {[%clk 0:03:02]} d5 {[%clk 0:00:30]} 2. exd5 {[%clk 0:03:01]} Nf6
{[%clk 0:00:31]} 3. Nf3 {[%clk 0:03:01]} Bg4 {[%clk 0:00:32]} 4. Bb5+
{[%clk 0:02:59]} Bd7 {[%clk 0:00:29]} 5. Bc4 {[%clk 0:02:49]} Bf5
{[%clk 0:00:30]} 6. O-O {[%clk 0:02:44]} Nxd5 {[%clk 0:00:30]} 7. Nd4
{[%clk 0:02:06]} Bg6 {[%clk 0:00:30]} 8. Bb3 {[%clk 0:01:53]} e6 {[%clk 0:00:30]}
9. Nc3 {[%clk 0:01:51]} Be7 {[%clk 0:00:29]} 10. Nxd5 {[%clk 0:01:42]} exd5
{[%clk 0:00:30]} 11. Qf3 {[%clk 0:01:42]} c6 {[%clk 0:00:29]} 12. Nf5
{[%clk 0:01:38]} Bxf5 {[%clk 0:00:21]} 13. Qxf5 {[%clk 0:01:40]} O-O
{[%clk 0:00:21]} 14. c3 {[%clk 0:01:33]} Bg5 {[%clk 0:00:19]} 15. f4
{[%clk 0:01:17]} Bf6 {[%clk 0:00:19]} 16. d3 {[%clk 0:01:17]} Nd7
{[%clk 0:00:20]} 17. Re1 {[%clk 0:01:09]} Nc5 {[%clk 0:00:19]} 18. Bc2
{[%clk 0:01:09]} g6 {[%clk 0:00:18]} 19. Qh3 {[%clk 0:01:09]} d4 {[%clk 0:00:18]}
20. c4 {[%clk 0:01:07]} Re8 {[%clk 0:00:17]} 21. Bd2 {[%clk 0:01:05]} a5
{[%clk 0:00:12]} 22. Rxe8+ {[%clk 0:00:50]} Qxe8 {[%clk 0:00:13]} 23. Re1
{[%clk 0:00:51]} Qd7 {[%clk 0:00:11]} 24. Qxd7 {[%clk 0:00:33]} Nxd7
{[%clk 0:00:12]} 25. g4 {[%clk 0:00:28]} Kf8 {[%clk 0:00:12]} 26. g5
{[%clk 0:00:27]} Be7 {[%clk 0:00:11]} 27. Kf2 {[%clk 0:00:27]} Bb4
{[%clk 0:00:12]} 28. Rd1 {[%clk 0:00:19]} Bxd2 {[%clk 0:00:13]} 29. Rxd2
{[%clk 0:00:20]} Nc5 {[%clk 0:00:11]} 30. Re2 {[%clk 0:00:17]} Re8
{[%clk 0:00:12]} 31. Rxe8+ Kxe8 {[%clk 0:00:13]} 32. Ke2 {[%clk 0:00:17]} Ke7
{[%clk 0:00:14]} 1/2-1/2

[Event "Russian Blitz Championship (m)"]
[Site "Sochi"]
[Date "2022.10.14"]
[Round "11.1"]
[White "Alekseev, Evgeny"]
[Black "Artemiev, Vladislav"]
[Result "0-1"]
[BlackElo "2832"]
[WhiteElo "2579"]
[LiveChessVersion "1.4.8"]

1. Nf3 {[%clk 0:03:02]} d5 {[%clk 0:03:01]} 2. e3 {[%clk 0:03:02]} Nf6
{[%clk 0:02:52]} 3. c4 {[%clk 0:03:03]} c6 {[%clk 0:02:53]} 4. Nc3
{[%clk 0:03:01]} e6 {[%clk 0:02:50]} 5. b3 {[%clk 0:02:52]} Bd6 {[%clk 0:02:50]}
6. Bb2 {[%clk 0:02:38]} O-O {[%clk 0:02:49]} 7. d4 {[%clk 0:02:34]} Nbd7
{[%clk 0:02:44]} 8. Bd3 {[%clk 0:02:15]} Re8 {[%clk 0:02:19]} 9. O-O
{[%clk 0:02:02]} e5 {[%clk 0:02:03]} 10. dxe5 {[%clk 0:01:59]} Nxe5
{[%clk 0:02:04]} 11. Nxe5 {[%clk 0:01:41]} Bxe5 {[%clk 0:02:03]} 12. h3
{[%clk 0:01:40]} dxc4 {[%clk 0:01:32]} 13. Bxc4 {[%clk 0:01:35]} Bf5
{[%clk 0:01:33]} 14. Qxd8 {[%clk 0:00:52]} Raxd8 {[%clk 0:01:33]} 15. Rad1
{[%clk 0:00:52]} b5 {[%clk 0:00:43]} 16. Be2 {[%clk 0:00:50]} b4 {[%clk 0:00:18]}
17. Na4 {[%clk 0:00:47]} Bxb2 {[%clk 0:00:17]} 18. Nxb2 {[%clk 0:00:48]} Nd5
{[%clk 0:00:15]} 19. Bd3 {[%clk 0:00:15]} Bxd3 {[%clk 0:00:11]} 20. Rxd3
{[%clk 0:00:14]} Nc3 {[%clk 0:00:13]} 21. a4 {[%clk 0:00:10]} bxa3
{[%clk 0:00:09]} 22. Rxc3 {[%clk 0:00:10]} axb2 {[%clk 0:00:09]} 23. Rc2
{[%clk 0:00:11]} Rd3 {[%clk 0:00:05]} 24. Rxb2 {[%clk 0:00:11]} Rb8
{[%clk 0:00:06]} 25. Ra1 {[%clk 0:00:08]} Rb7 {[%clk 0:00:05]} 26. Rc2
{[%clk 0:00:06]} Rdxb3 {[%clk 0:00:04]} 27. Rxc6 {[%clk 0:00:07]} Rb1+
{[%clk 0:00:05]} 28. Rxb1 {[%clk 0:00:08]} Rxb1+ {[%clk 0:00:06]} 29. Kh2
{[%clk 0:00:09]} Rb8 {[%clk 0:00:07]} 30. Ra6 {[%clk 0:00:09]} Ra8
{[%clk 0:00:09]} 31. Kg3 {[%clk 0:00:07]} Kf8 {[%clk 0:00:10]} 32. Kf4
{[%clk 0:00:09]} Ke7 {[%clk 0:00:12]} 33. Ke5 {[%clk 0:00:04]} Kd7
{[%clk 0:00:13]} 34. h4 {[%clk 0:00:04]} Kc7 {[%clk 0:00:14]} 35. Kd5
{[%clk 0:00:05]} Rd8+ {[%clk 0:00:13]} 36. Ke5 {[%clk 0:00:04]} Kb7
{[%clk 0:00:14]} 37. Ra2 {[%clk 0:00:05]} Rd7 {[%clk 0:00:09]} 38. g4
{[%clk 0:00:06]} Kc6 {[%clk 0:00:08]} 39. Rc2+ {[%clk 0:00:06]} Kb5
{[%clk 0:00:10]} 40. Rb2+ {[%clk 0:00:07]} Kc4 {[%clk 0:00:11]} 41. Ra2
{[%clk 0:00:08]} Kb4 {[%clk 0:00:06]} 42. Rb2+ {[%clk 0:00:07]} Kc3
{[%clk 0:00:07]} 43. Ra2 {[%clk 0:00:08]} Kb3 {[%clk 0:00:07]} 44. Ra6
{[%clk 0:00:08]} Kb4 {[%clk 0:00:09]} 45. h5 {[%clk 0:00:07]} Kb5
{[%clk 0:00:08]} 46. Ra1 {[%clk 0:00:07]} a5 {[%clk 0:00:09]} 47. Rb1+
{[%clk 0:00:06]} Kc4 {[%clk 0:00:10]} 48. Ra1 {[%clk 0:00:07]} Rd5+
{[%clk 0:00:09]} 49. Ke4 {[%clk 0:00:08]} Rc5 {[%clk 0:00:09]} 50. f4
{[%clk 0:00:07]} Rb5 {[%clk 0:00:04]} 51. Rc1+ {[%clk 0:00:06]} Kb3
{[%clk 0:00:05]} 52. Rc7 {[%clk 0:00:06]} a4 {[%clk 0:00:06]} 53. Rxf7
{[%clk 0:00:03]} a3 {[%clk 0:00:08]} 54. Rd7 a2 55. Rd1 0-1

[Event "Russian Blitz Championship (m)"]
[Site "Sochi"]
[Date "2022.10.14"]
[Round "11.3"]
[White "Faizrakhmanov, Ramil"]
[Black "Sjugirov, Sanan"]
[Result "1/2-1/2"]
[BlackElo "2609"]
[WhiteElo "2421"]
[LiveChessVersion "1.4.8"]

1. d4 {[%clk 0:03:03]} Nf6 {[%clk 0:03:03]} 2. c4 {[%clk 0:03:04]} e6
{[%clk 0:03:04]} 3. Nf3 {[%clk 0:03:05]} Bb4+ {[%clk 0:03:05]} 4. Bd2
{[%clk 0:03:06]} a5 {[%clk 0:03:06]} 5. a3 {[%clk 0:03:03]} Bxd2+
{[%clk 0:03:00]} 6. Qxd2 {[%clk 0:03:03]} b6 {[%clk 0:02:56]} 7. g3
{[%clk 0:02:59]} Bb7 {[%clk 0:02:56]} 8. Bg2 {[%clk 0:02:59]} O-O
{[%clk 0:02:53]} 9. O-O {[%clk 0:02:59]} d6 {[%clk 0:02:48]} 10. Nc3
{[%clk 0:02:58]} Ne4 {[%clk 0:02:43]} 11. Nxe4 {[%clk 0:02:55]} Bxe4
{[%clk 0:02:44]} 12. b4 {[%clk 0:02:54]} Nd7 {[%clk 0:02:40]} 13. Rfc1
{[%clk 0:02:51]} Qe7 {[%clk 0:02:27]} 14. Ne1 {[%clk 0:02:48]} Bxg2
{[%clk 0:02:27]} 15. Nxg2 {[%clk 0:02:48]} Nf6 {[%clk 0:01:33]} 16. Ne3
{[%clk 0:02:46]} Qd7 {[%clk 0:01:24]} 17. Qc2 {[%clk 0:02:33]} h5
{[%clk 0:01:13]} 18. h4 {[%clk 0:02:32]} g6 {[%clk 0:01:13]} 19. c5
{[%clk 0:02:20]} dxc5 {[%clk 0:01:05]} 20. dxc5 {[%clk 0:02:20]} axb4
{[%clk 0:01:05]} 21. axb4 {[%clk 0:02:20]} Rxa1 {[%clk 0:01:05]} 22. Rxa1
{[%clk 0:02:20]} Qd4 {[%clk 0:01:05]} 23. Rb1 {[%clk 0:02:14]} b5
{[%clk 0:00:58]} 24. Qb2 {[%clk 0:01:44]} Rd8 {[%clk 0:00:58]} 25. Qxd4
{[%clk 0:01:17]} Rxd4 {[%clk 0:00:59]} 26. Ra1 {[%clk 0:01:13]} Rxb4
{[%clk 0:00:52]} 27. Ra8+ {[%clk 0:01:14]} Kg7 {[%clk 0:00:52]} 28. Rc8
{[%clk 0:01:15]} Rb2 {[%clk 0:00:49]} 29. Kf1 {[%clk 0:01:11]} Rb1+
{[%clk 0:00:24]} 30. Kg2 {[%clk 0:01:12]} Rb2 {[%clk 0:00:23]} 31. Kf1
{[%clk 0:01:13]} Rb1+ {[%clk 0:00:20]} 32. Kg2 {[%clk 0:01:13]} Re1
{[%clk 0:00:18]} 33. Kf3 {[%clk 0:00:56]} e5 {[%clk 0:00:16]} 34. Rxc7
{[%clk 0:00:48]} e4+ {[%clk 0:00:18]} 35. Kg2 {[%clk 0:00:49]} Rxe2
{[%clk 0:00:18]} 36. Rb7 {[%clk 0:00:49]} Ng4 {[%clk 0:00:14]} 37. Nxg4
{[%clk 0:00:43]} hxg4 {[%clk 0:00:16]} 38. Kf1 {[%clk 0:00:43]} Rb2
{[%clk 0:00:16]} 39. c6 {[%clk 0:00:40]} Rc2 {[%clk 0:00:15]} 40. c7
{[%clk 0:00:41]} Kf6 {[%clk 0:00:10]} 41. Ke1 {[%clk 0:00:36]} Ke6
{[%clk 0:00:10]} 42. Rxb5 {[%clk 0:00:34]} Rxc7 {[%clk 0:00:10]} 43. Rg5
{[%clk 0:00:33]} e3 {[%clk 0:00:03]} 44. fxe3 {[%clk 0:00:33]} Rc4
{[%clk 0:00:05]} 45. h5 {[%clk 0:00:26]} gxh5 {[%clk 0:00:05]} 46. Rxh5
{[%clk 0:00:27]} f5 {[%clk 0:00:06]} 47. Rh8 {[%clk 0:00:22]} Kd5
{[%clk 0:00:05]} 48. Re8 {[%clk 0:00:19]} Rc2 {[%clk 0:00:06]} 49. Kf1
{[%clk 0:00:18]} Ra2 {[%clk 0:00:06]} 1/2-1/2

[Event "Russian Blitz Championship (m)"]
[Site "Sochi"]
[Date "2022.10.14"]
[Round "11.4"]
[White "Dobrov, Vladimir"]
[Black "Ponkratov, Pavel"]
[Result "1-0"]
[BlackElo "2515"]
[WhiteElo "2575"]
[LiveChessVersion "1.4.8"]

1. Nf3 {[%clk 0:03:03]} c5 {[%clk 0:03:03]} 2. g3 {[%clk 0:02:54]} Nc6
{[%clk 0:03:04]} 3. d4 {[%clk 0:02:41]} cxd4 {[%clk 0:03:04]} 4. Nxd4
{[%clk 0:02:42]} e5 {[%clk 0:03:06]} 5. Nxc6 {[%clk 0:02:30]} bxc6
{[%clk 0:03:06]} 6. Bg2 {[%clk 0:02:30]} h5 {[%clk 0:03:07]} 7. c4
{[%clk 0:02:13]} h4 {[%clk 0:03:07]} 8. Nc3 {[%clk 0:02:14]} Rb8 {[%clk 0:03:08]}
9. b3 {[%clk 0:01:58]} Nf6 {[%clk 0:02:49]} 10. Qc2 {[%clk 0:01:48]} Bb4
{[%clk 0:02:04]} 11. O-O {[%clk 0:01:39]} hxg3 {[%clk 0:01:51]} 12. hxg3
{[%clk 0:01:40]} Ng4 {[%clk 0:01:38]} 13. Rd1 {[%clk 0:01:23]} Qb6
{[%clk 0:00:41]} 14. Ne4 {[%clk 0:00:54]} d5 {[%clk 0:00:38]} 15. c5
{[%clk 0:00:49]} Qd8 {[%clk 0:00:35]} 16. Nd6+ {[%clk 0:00:49]} Kf8
{[%clk 0:00:36]} 17. a3 {[%clk 0:00:38]} Ba5 {[%clk 0:00:37]} 18. b4
{[%clk 0:00:38]} Bc7 {[%clk 0:00:38]} 19. Nxc8 {[%clk 0:00:38]} Rxc8
{[%clk 0:00:36]} 20. Qf5 {[%clk 0:00:35]} Nh6 {[%clk 0:00:33]} 21. Qc2
{[%clk 0:00:21]} Qf6 {[%clk 0:00:33]} 22. e4 {[%clk 0:00:16]} d4 {[%clk 0:00:32]}
23. a4 {[%clk 0:00:17]} Ng4 {[%clk 0:00:32]} 24. b5 {[%clk 0:00:17]} Qg6
{[%clk 0:00:32]} 25. Rb1 {[%clk 0:00:12]} cxb5 {[%clk 0:00:31]} 26. axb5
{[%clk 0:00:13]} Rh2 {[%clk 0:00:21]} 27. Qe2 {[%clk 0:00:12]} Rh8
{[%clk 0:00:13]} 28. b6 {[%clk 0:00:12]} axb6 {[%clk 0:00:13]} 29. cxb6
{[%clk 0:00:13]} Bxb6 {[%clk 0:00:14]} 30. Rxb6 {[%clk 0:00:13]} Qxb6
{[%clk 0:00:15]} 31. Qxg4 {[%clk 0:00:14]} Ra8 {[%clk 0:00:16]} 32. Qd7
{[%clk 0:00:10]} Qc5 {[%clk 0:00:13]} 33. Qb7 {[%clk 0:00:09]} Rd8
{[%clk 0:00:12]} 34. Qb3 {[%clk 0:00:09]} Kg8 {[%clk 0:00:13]} 35. Ba3
{[%clk 0:00:10]} Qc6 {[%clk 0:00:14]} 36. Rc1 {[%clk 0:00:10]} Qh6
{[%clk 0:00:14]} 37. Rc7 {[%clk 0:00:09]} Qh2+ {[%clk 0:00:14]} 38. Kf1
{[%clk 0:00:11]} Qh5 {[%clk 0:00:16]} 39. Bf3 {[%clk 0:00:12]} Qg6
{[%clk 0:00:16]} 40. Be7 {[%clk 0:00:11]} Ra8 {[%clk 0:00:15]} 41. Qd5
{[%clk 0:00:10]} Qa6+ {[%clk 0:00:08]} 42. Kg2 {[%clk 0:00:10]} Qa1
{[%clk 0:00:07]} 43. Bh4 {[%clk 0:00:09]} Rf8 {[%clk 0:00:07]} 44. Qxe5
{[%clk 0:00:10]} Rh6 {[%clk 0:00:07]} 45. Rd7 {[%clk 0:00:11]} Qa3
{[%clk 0:00:04]} 46. Qxd4 {[%clk 0:00:11]} Re8 {[%clk 0:00:05]} 47. Rd8
{[%clk 0:00:12]} Rxd8 48. Qxd8+ {[%clk 0:00:14]} Kh7 {[%clk 0:00:08]} 49. Qd4
{[%clk 0:00:15]} Qa6 {[%clk 0:00:08]} 50. e5 {[%clk 0:00:15]} Qc8
{[%clk 0:00:07]} 51. Be4+ {[%clk 0:00:17]} Kg8 {[%clk 0:00:09]} 52. Qd8+
{[%clk 0:00:17]} Qxd8 {[%clk 0:00:09]} 53. Bxd8 {[%clk 0:00:19]} Re6
{[%clk 0:00:10]} 54. f4 {[%clk 0:00:20]} Re8 {[%clk 0:00:11]} 55. Bb6
{[%clk 0:00:21]} Kh8 {[%clk 0:00:12]} 56. Kf3 {[%clk 0:00:22]} Rb8
{[%clk 0:00:13]} 57. Bc5 {[%clk 0:00:22]} Rb3+ {[%clk 0:00:14]} 58. Kg4
{[%clk 0:00:24]} Rc3 {[%clk 0:00:15]} 59. Be7 {[%clk 0:00:24]} Kg8
{[%clk 0:00:15]} 60. Bd6 {[%clk 0:00:20]} Rb3 {[%clk 0:00:16]} 61. Kh4
{[%clk 0:00:20]} Re3 {[%clk 0:00:16]} 62. Bd5 {[%clk 0:00:21]} Rd3
{[%clk 0:00:17]} 63. Bc4 {[%clk 0:00:22]} Rc3 {[%clk 0:00:18]} 64. Ba2
{[%clk 0:00:23]} Rc2 {[%clk 0:00:19]} 65. Bb3 {[%clk 0:00:24]} Rc3
{[%clk 0:00:20]} 66. Bd1 {[%clk 0:00:25]} Rd3 {[%clk 0:00:21]} 67. Bg4
{[%clk 0:00:26]} Rd2 {[%clk 0:00:22]} 68. Kh3 {[%clk 0:00:27]} Kh7
{[%clk 0:00:22]} 69. Bf5+ {[%clk 0:00:29]} Kg8 {[%clk 0:00:21]} 70. g4
{[%clk 0:00:29]} Rd1 {[%clk 0:00:16]} 71. Kg3 {[%clk 0:00:30]} Rg1+
{[%clk 0:00:17]} 72. Kf2 {[%clk 0:00:31]} Rd1 {[%clk 0:00:17]} 73. Be4
{[%clk 0:00:33]} g6 {[%clk 0:00:17]} 74. Ke2 {[%clk 0:00:32]} Rg1
{[%clk 0:00:17]} 75. Bf3 {[%clk 0:00:33]} Ra1 {[%clk 0:00:17]} 76. Ke3
{[%clk 0:00:34]} Rb1 {[%clk 0:00:17]} 77. f5 {[%clk 0:00:35]} gxf5 78. gxf5
{[%clk 0:00:36]} Rb3+ {[%clk 0:00:17]} 79. Kf4 {[%clk 0:00:38]} Rb6
{[%clk 0:00:17]} 80. Kg5 {[%clk 0:00:36]} Rb1 {[%clk 0:00:16]} 81. Kf6
{[%clk 0:00:35]} Rb5 {[%clk 0:00:10]} 82. Bh5 {[%clk 0:00:34]} Rb7
{[%clk 0:00:11]} 83. e6 {[%clk 0:00:35]} fxe6 {[%clk 0:00:12]} 84. fxe6
{[%clk 0:00:37]} Rb6 {[%clk 0:00:12]} 85. Bf7+ {[%clk 0:00:37]} Kh7
{[%clk 0:00:13]} 86. Bc5 {[%clk 0:00:23]} Rc6 {[%clk 0:00:13]} 87. Ba3
{[%clk 0:00:23]} Ra6 {[%clk 0:00:14]} 88. Bf8 {[%clk 0:00:23]} Rb6
{[%clk 0:00:15]} 89. Kf5 {[%clk 0:00:24]} Rb5+ {[%clk 0:00:16]} 90. Kf4
{[%clk 0:00:25]} Rb1 {[%clk 0:00:14]} 91. e7 {[%clk 0:00:25]} 1-0

[Event "Russian Blitz Championship (m)"]
[Site "Sochi"]
[Date "2022.10.14"]
[Round "11.5"]
[White "Afanasiev, Nikita"]
[Black "Smirnov, Pavel"]
[Result "0-1"]
[BlackElo "2467"]
[WhiteElo "2541"]
[LiveChessVersion "1.4.8"]

1. Nf3 {[%clk 0:03:02]} Nf6 {[%clk 0:03:03]} 2. g3 {[%clk 0:03:03]} d5
{[%clk 0:03:04]} 3. Bg2 {[%clk 0:03:04]} e6 {[%clk 0:03:06]} 4. O-O
{[%clk 0:03:04]} Be7 {[%clk 0:03:07]} 5. c4 {[%clk 0:03:05]} O-O {[%clk 0:03:07]}
6. b3 {[%clk 0:03:06]} c5 {[%clk 0:03:08]} 7. cxd5 {[%clk 0:03:05]} Nxd5
{[%clk 0:03:08]} 8. Bb2 {[%clk 0:03:05]} b6 {[%clk 0:03:10]} 9. d4
{[%clk 0:03:03]} Bb7 {[%clk 0:03:10]} 10. dxc5 {[%clk 0:03:00]} Bxc5
{[%clk 0:03:11]} 11. Nbd2 {[%clk 0:03:00]} Qe7 {[%clk 0:03:07]} 12. a3
{[%clk 0:02:55]} a5 {[%clk 0:03:08]} 13. Ne4 {[%clk 0:02:56]} Ne3
{[%clk 0:02:42]} 14. Qd3 {[%clk 0:02:13]} Nxf1 {[%clk 0:02:32]} 15. Nxc5
{[%clk 0:01:41]} bxc5 {[%clk 0:02:25]} 16. Rxf1 {[%clk 0:01:35]} Na6
{[%clk 0:01:59]} 17. h4 {[%clk 0:01:33]} Rfd8 {[%clk 0:01:43]} 18. Qc3
{[%clk 0:01:30]} f6 {[%clk 0:01:44]} 19. Rc1 {[%clk 0:01:26]} Bd5
{[%clk 0:01:43]} 20. Bh3 {[%clk 0:01:04]} e5 {[%clk 0:01:38]} 21. Nd2
{[%clk 0:01:03]} Nc7 {[%clk 0:01:19]} 22. Bf1 {[%clk 0:00:49]} Ne6
{[%clk 0:01:15]} 23. e3 {[%clk 0:00:49]} a4 {[%clk 0:00:57]} 24. bxa4
{[%clk 0:00:41]} Rxa4 {[%clk 0:00:57]} 25. Qc2 {[%clk 0:00:42]} Raa8
{[%clk 0:00:53]} 26. a4 {[%clk 0:00:38]} Kh8 {[%clk 0:00:48]} 27. Ra1
{[%clk 0:00:39]} c4 28. a5 {[%clk 0:00:37]} Qc7 {[%clk 0:00:30]} 29. Bc3
{[%clk 0:00:32]} Nc5 {[%clk 0:00:29]} 30. Nxc4 {[%clk 0:00:25]} Be4
{[%clk 0:00:27]} 31. Qa2 {[%clk 0:00:23]} Nd3 {[%clk 0:00:21]} 32. Bd2
{[%clk 0:00:18]} Nc5 {[%clk 0:00:05]} 33. Nb6 {[%clk 0:00:17]} Ra7
{[%clk 0:00:06]} 34. Bb4 {[%clk 0:00:15]} Nd3 {[%clk 0:00:06]} 35. Qb3
{[%clk 0:00:10]} Nxb4 {[%clk 0:00:05]} 36. Qxb4 {[%clk 0:00:11]} Qc2
{[%clk 0:00:06]} 37. Qc4 {[%clk 0:00:09]} Qb2 {[%clk 0:00:05]} 38. Qa4
{[%clk 0:00:05]} Bc2 {[%clk 0:00:05]} 39. Qa3 {[%clk 0:00:05]} Qxa3
{[%clk 0:00:05]} 40. Rxa3 {[%clk 0:00:06]} Rd1 {[%clk 0:00:04]} 41. Rc3
{[%clk 0:00:07]} Bf5 {[%clk 0:00:05]} 42. Rc5 {[%clk 0:00:05]} h5
{[%clk 0:00:05]} 43. Kg2 {[%clk 0:00:06]} Be4+ {[%clk 0:00:06]} 44. f3 Bxf3+ 45.
Kf2 Bg4 {[%clk 0:00:04]} 46. e4 {[%clk 0:00:05]} Rd2+ {[%clk 0:00:05]} 47. Ke3
{[%clk 0:00:06]} Ra2 {[%clk 0:00:05]} 48. a6 Ra3+ {[%clk 0:00:06]} 49. Kf2
{[%clk 0:00:07]} Rf3+ {[%clk 0:00:05]} 50. Kg2 {[%clk 0:00:08]} Rxf1
{[%clk 0:00:06]} 51. Kxf1 {[%clk 0:00:09]} Rxa6 {[%clk 0:00:08]} 52. Nc4
{[%clk 0:00:04]} Ra1+ {[%clk 0:00:09]} 53. Kf2 {[%clk 0:00:05]} Rc1
{[%clk 0:00:10]} 54. Ke3 {[%clk 0:00:04]} Be6 {[%clk 0:00:10]} 55. Kd4 0-1

[Event "Russian Blitz Championship (m)"]
[Site "Sochi"]
[Date "2022.10.14"]
[Round "11.6"]
[White "Petrov, Nikita"]
[Black "Zakhartsov, Vladimir"]
[Result "0-1"]
[BlackElo "2492"]
[WhiteElo "2528"]
[LiveChessVersion "1.4.8"]

1. e4 {[%clk 0:03:02]} c5 {[%clk 0:02:56]} 2. Nf3 {[%clk 0:03:03]} Nc6
{[%clk 0:02:57]} 3. Bb5 {[%clk 0:03:03]} g6 {[%clk 0:02:58]} 4. O-O
{[%clk 0:02:58]} Bg7 {[%clk 0:03:00]} 5. c3 {[%clk 0:02:56]} Nf6 {[%clk 0:02:50]}
6. Re1 {[%clk 0:02:53]} O-O {[%clk 0:02:50]} 7. h3 {[%clk 0:02:54]} e5
{[%clk 0:02:51]} 8. d3 {[%clk 0:02:29]} d6 {[%clk 0:02:51]} 9. Nbd2
{[%clk 0:02:25]} a6 {[%clk 0:02:45]} 10. Ba4 {[%clk 0:02:22]} b5 {[%clk 0:02:46]}
11. Bb3 {[%clk 0:02:19]} Bb7 {[%clk 0:02:44]} 12. Nf1 {[%clk 0:02:17]} d5
{[%clk 0:02:22]} 13. exd5 {[%clk 0:01:57]} Nxd5 {[%clk 0:02:23]} 14. Ng3
{[%clk 0:01:57]} Na5 {[%clk 0:02:05]} 15. Bc2 {[%clk 0:01:44]} Re8
{[%clk 0:02:05]} 16. Bd2 {[%clk 0:01:24]} h6 {[%clk 0:01:57]} 17. Ne4
{[%clk 0:01:14]} Qc7 {[%clk 0:01:57]} 18. Nxc5 {[%clk 0:01:02]} Qxc5
{[%clk 0:01:49]} 19. b4 {[%clk 0:01:03]} Qc7 {[%clk 0:01:47]} 20. bxa5
{[%clk 0:01:02]} Nxc3 {[%clk 0:01:47]} 21. Bxc3 {[%clk 0:01:02]} Qxc3
{[%clk 0:01:47]} 22. Bb3 {[%clk 0:00:50]} Qxa5 {[%clk 0:01:27]} 23. Nh4
{[%clk 0:00:50]} Qb6 {[%clk 0:01:22]} 24. Qg4 {[%clk 0:00:50]} Kf8
{[%clk 0:01:00]} 25. Rac1 {[%clk 0:00:34]} Rad8 {[%clk 0:00:47]} 26. Rc2
{[%clk 0:00:16]} Rd4 {[%clk 0:00:46]} 27. Qg3 {[%clk 0:00:16]} a5
{[%clk 0:00:29]} 28. a3 {[%clk 0:00:16]} Qd8 {[%clk 0:00:16]} 29. Nf3
{[%clk 0:00:07]} Rxd3 {[%clk 0:00:16]} 30. Ba2 {[%clk 0:00:08]} Bd5
{[%clk 0:00:11]} 31. Bxd5 {[%clk 0:00:08]} Qxd5 {[%clk 0:00:12]} 32. Rc7
{[%clk 0:00:09]} e4 {[%clk 0:00:09]} 33. Qf4 {[%clk 0:00:06]} Qf5
{[%clk 0:00:08]} 34. Qxf5 gxf5 {[%clk 0:00:09]} 35. Nh4 {[%clk 0:00:06]} Rd5
{[%clk 0:00:09]} 36. Rb7 {[%clk 0:00:06]} Bf6 {[%clk 0:00:10]} 37. g3
{[%clk 0:00:07]} Bxh4 {[%clk 0:00:10]} 38. gxh4 {[%clk 0:00:08]} Rc8
{[%clk 0:00:09]} 39. Rb1 {[%clk 0:00:09]} Rcc5 {[%clk 0:00:09]} 40. Kg2
{[%clk 0:00:10]} Kg7 {[%clk 0:00:10]} 41. Ra7 {[%clk 0:00:09]} a4
{[%clk 0:00:11]} 42. Rb7 {[%clk 0:00:10]} Kg6 {[%clk 0:00:12]} 43. Rb2
{[%clk 0:00:11]} f4 {[%clk 0:00:12]} 44. Re7 {[%clk 0:00:10]} Re5
{[%clk 0:00:11]} 45. Rd7 {[%clk 0:00:10]} f6 {[%clk 0:00:12]} 46. Rb4
{[%clk 0:00:11]} Kf5 {[%clk 0:00:11]} 47. Rdd4 {[%clk 0:00:08]} h5
{[%clk 0:00:11]} 48. Rd6 {[%clk 0:00:08]} e3 {[%clk 0:00:11]} 49. fxe3
{[%clk 0:00:08]} fxe3 {[%clk 0:00:12]} 50. Rb1 {[%clk 0:00:07]} e2
{[%clk 0:00:12]} 51. Re1 {[%clk 0:00:08]} Rc3 {[%clk 0:00:12]} 52. Rd2
{[%clk 0:00:03]} Rxa3 {[%clk 0:00:13]} 53. Rb2 {[%clk 0:00:04]} Rb3
{[%clk 0:00:14]} 0-1

[Event "Russian Blitz Championship (m)"]
[Site "Sochi"]
[Date "2022.10.14"]
[Round "11.7"]
[White "Tomashevsky, Evgeny"]
[Black "Demidov, Mikhail"]
[Result "1-0"]
[BlackElo "2520"]
[WhiteElo "2695"]
[LiveChessVersion "1.4.8"]

1. d4 {[%clk 0:03:03]} g6 {[%clk 0:03:00]} 2. e4 Bg7 3. Nf3 {[%clk 0:03:03]} d6
{[%clk 0:03:01]} 4. Nc3 {[%clk 0:03:03]} a6 {[%clk 0:03:01]} 5. a4
{[%clk 0:03:02]} Nf6 {[%clk 0:03:00]} 6. Be2 {[%clk 0:03:03]} O-O
{[%clk 0:03:00]} 7. O-O {[%clk 0:03:04]} Nc6 {[%clk 0:03:01]} 8. h3
{[%clk 0:02:53]} e5 {[%clk 0:03:01]} 9. dxe5 {[%clk 0:02:48]} Nxe5
{[%clk 0:02:47]} 10. Nxe5 {[%clk 0:02:39]} dxe5 {[%clk 0:02:48]} 11. Bc4
{[%clk 0:02:38]} Qd4 {[%clk 0:02:36]} 12. Qe2 {[%clk 0:02:34]} Nh5
{[%clk 0:02:19]} 13. Rd1 {[%clk 0:02:13]} Qa7 {[%clk 0:01:25]} 14. Be3
{[%clk 0:02:09]} Qb8 {[%clk 0:01:17]} 15. Nd5 {[%clk 0:01:55]} Nf4
{[%clk 0:00:42]} 16. Nxf4 {[%clk 0:01:42]} exf4 {[%clk 0:00:43]} 17. Bxf4
{[%clk 0:01:43]} Bxb2 {[%clk 0:00:43]} 18. Rab1 {[%clk 0:01:43]} Bg7
{[%clk 0:00:44]} 19. a5 {[%clk 0:01:37]} Be6 {[%clk 0:00:12]} 20. Bxe6
{[%clk 0:01:37]} fxe6 {[%clk 0:00:14]} 21. Bg3 {[%clk 0:01:38]} Qc8
{[%clk 0:00:11]} 22. Qc4 {[%clk 0:01:37]} Rf7 {[%clk 0:00:12]} 23. Rd3
{[%clk 0:01:35]} Rb8 {[%clk 0:00:09]} 24. Rdb3 {[%clk 0:01:33]} h5
{[%clk 0:00:06]} 25. Qxa6 {[%clk 0:01:30]} Ra8 {[%clk 0:00:06]} 26. Qxb7
{[%clk 0:01:28]} Qxb7 {[%clk 0:00:07]} 27. Rxb7 {[%clk 0:01:27]} Rxa5
{[%clk 0:00:08]} 28. Bxc7 {[%clk 0:01:15]} Rc5 {[%clk 0:00:09]} 29. Bg3
{[%clk 0:00:56]} Rxb7 {[%clk 0:00:08]} 30. Rxb7 {[%clk 0:00:57]} Rxc2
{[%clk 0:00:09]} 31. Rd7 {[%clk 0:00:54]} Bf6 {[%clk 0:00:07]} 32. f3
{[%clk 0:00:51]} Rc1+ {[%clk 0:00:07]} 33. Kh2 {[%clk 0:00:52]} h4
{[%clk 0:00:06]} 34. Bb8 {[%clk 0:00:50]} Rb1 {[%clk 0:00:06]} 35. Bf4
{[%clk 0:00:29]} Re1 {[%clk 0:00:04]} 36. g4 {[%clk 0:00:14]} hxg3+
{[%clk 0:00:05]} 37. Kxg3 {[%clk 0:00:15]} Rg1+ {[%clk 0:00:05]} 38. Kf2
{[%clk 0:00:16]} Rb1 {[%clk 0:00:05]} 39. Kg2 {[%clk 0:00:15]} Bh4
{[%clk 0:00:04]} 40. Bd2 {[%clk 0:00:15]} Rb2 {[%clk 0:00:05]} 41. Kf1
{[%clk 0:00:16]} Ra2 {[%clk 0:00:05]} 42. Be3 {[%clk 0:00:10]} Ra3
{[%clk 0:00:04]} 43. Ke2 {[%clk 0:00:10]} Ra2+ {[%clk 0:00:05]} 44. Kd3
{[%clk 0:00:10]} Rh2 {[%clk 0:00:05]} 45. Bd4 {[%clk 0:00:11]} Kf8
{[%clk 0:00:06]} 46. Rh7 {[%clk 0:00:08]} g5 {[%clk 0:00:06]} 47. Bf6
{[%clk 0:00:06]} Kg8 {[%clk 0:00:05]} 48. Rh5 {[%clk 0:00:06]} Rg2
{[%clk 0:00:05]} 49. Rh8+ {[%clk 0:00:06]} Kf7 {[%clk 0:00:06]} 50. e5
{[%clk 0:00:07]} Kg6 {[%clk 0:00:07]} 51. Ke4 {[%clk 0:00:05]} Re2+
{[%clk 0:00:08]} 52. Kd3 {[%clk 0:00:07]} Ra2 {[%clk 0:00:08]} 53. f4
{[%clk 0:00:07]} Kf5 {[%clk 0:00:06]} 54. fxg5 {[%clk 0:00:07]} Ra3+
{[%clk 0:00:06]} 55. Kc4 {[%clk 0:00:05]} Rxh3 {[%clk 0:00:05]} 56. g6
{[%clk 0:00:06]} Bxf6 57. Rxh3 {[%clk 0:00:07]} Bxe5 {[%clk 0:00:04]} 58. Rh5+
{[%clk 0:00:08]} 1-0